000
00344nam a22001337a 4500
003
SGT
020
_a
9788126721023
082
_a
891.4309
_b
M11J
100
_a
जोशी, दिलीप
245
_a
मंजिल अब भी दूर
260
_b
राजकमल प्रकाशन
_c
2011
300
_a
175
942
_2
ddc
_c
BK
999
_c
29842
_d
29842